000 00487nam a2200181Ia 4500
003 OSt
005 20260108122801.0
008 210210b1945 xxu||||| |||| 00| 0 eng d
040 _cAL
041 _aKannada
082 _a859/1125
100 _aFADAKE (Na C)
_9146263
_dಫಡಕೆ (ನಾ ಸೀ)
245 _aBirugali-1:
_bಬಿರುಗಾಳಿ-1
260 _aDharavada
_bSamaja Pustakalaya
_c1945
690 _aKannada Fiction
_9146264
906 _a021870
942 _2ddc
_cBK
999 _c145976
_d145976